000 00791nam a2200217 i 4500
001 176975
003 ES-MaACL
005 20250827021539.0
008 110222s1981 sp |||| | spa d
020 _a84-85303-61-X
100 1 _aCosta, Joaquín,
_d1846-1911
_941054
245 1 0 _aDerecho consuetudinario y economía popular de España /
_cJoaquín Costa ; introducción de Lorenzo Martín-Retortillo.
260 _aZaragoza :
_bGuara,
_c1981.
300 _a2 v.(414 ; 461 p.) ;
_c21 cm.
490 1 _aObras de Joaquín Costa ;
_v2-3
650 7 _aDerecho consuetudinario
_2embne
_9145293
700 1 _aMartín-Retortillo Baquer, Lorenzo,
_d1936-
_977628
830 1 _aObras de Joaquín Costa
_v2-3
_9190320
852 _aES-MaACL
_jP-1276(2-3)
999 _c176975
_d176975